Statistics for Prime ministers of Finland

Click here to take the quiz!

General Stats

  • This quiz has been taken 704 times
  • The average score is 24 of 63

Answer Stats

Year(s)Answer% Correct
2011-Jyrki Katainen
88%
1950-1953Urho Kekkonen
86%
1954-1956Urho Kekkonen
86%
2003-2010Matti Vanhanen
83%
1979-1982Mauno Koivisto
80%
1968-1970Mauno Koivisto
80%
1995-2003Paavo Lipponen
80%
2003Anneli Jäätteenmäki
77%
1939-1941Risto Ryti
74%
1991-1995Esko Aho
72%
1944-1946J.K. Paasikivi
70%
1918J.K. Paasikivi
70%
1922-1924Kyösti Kallio
70%
1925-1926Kyösti Kallio
70%
1936-1937Kyösti Kallio
70%
1929-1930Kyösti Kallio
70%
2010-2011Mari Kiviniemi
63%
1917-1918P.E. Svinhufvud
61%
1930-1931P.E. Svinhufvud
61%
1982-1987Kalevi Sorsa
57%
1977-1979Kalevi Sorsa
57%
1972-1975Kalevi Sorsa
57%
1987-1991Harri Holkeri
54%
1964-1966Johannes Virolainen
41%
1970-1971Ahti Karjalainen
37%
1962-1963Ahti Karjalainen
37%
1972Rafael Paasio
32%
1966-1968Rafael Paasio
32%
1956-1957K.A. Fagerholm
31%
1948-1950K.A. Fagerholm
31%
1958-1959K.A. Fagerholm
31%
1926-1927Väinö Tanner
30%
1961-1962Martti Miettunen
25%
1975-1977Martti Miettunen
25%
1953-1954Sakari Tuomioja
23%
1922A.K. Cajander
21%
1937-1939A.K. Cajander
21%
1924A.K. Cajander
21%
1957V.J. Sukselainen
19%
1959-1961V.J. Sukselainen
19%
1943-1944Edwin Linkomies
17%
1975Keijo Liinamaa
16%
1946-1948Mauno Pekkala
16%
1970Teuvo Aura
16%
1971-1972Teuvo Aura
16%
1932-1936T.M. Kivimäki
16%
1941-1943Jukka Rangell
15%
1944Antti Hackzell
14%
1919Kaarlo Castrén
14%
1944Urho Castrén
14%
1924-1925Lauri Ingman
13%
1918-1919Lauri Ingman
13%
1957-1958Rainer von Fieandt
12%
1954Ralf Törngren
11%
1963-1964Reino R. Lehto
11%
1925Antti Tulenheimo
10%
1921-1922J.H. Vennola
10%
1919-1920J.H. Vennola
10%
1920-1921Rafel Erich
9%
1927-1928J.E. Sunila
8%
1931-1932J.E. Sunila
8%
1928-1929Oskari Mantere
8%
1958Reino Kuuskoski
8%

Score Distribution

Percentile by Number Answered

Percent of People with Each Score

Your Score History

You have not taken this quiz